000 00723nam a2200217 a 4500
001 000017227
005 20240313073816.0
008 100319s1978 dr 000 0 spa d
040 _aDO-SdBNP
_bspa
_cBNPHU
082 _axxx
_bN964n
245 0 3 _aLa nueva narrativa dominicana /
_cVirgilio Díaz Grullón... [et al.]; editor Antonio Dueñas.
260 _aSanto Domingo :
_bCasagrande,
_c1978.
300 _a256 p. ;
_c18 cm.
700 1 _aRodríguez Fernández, Arturo
_937878
700 1 _aRueda, Manuel
_919958
700 1 _aRisco Bermúdez, René del,
_d1937-1972
_912315
700 1 _aAlmánzar, Armando
_937880
700 1 _aDueñas, Antonio
_eed.
_936575
700 1 _aCollado, Lipe,
_d1947-
_979819
049 _aBNPD
999 _c16752
_d16752